| 000 | 00470nam a2200193Ia 4500 | ||
|---|---|---|---|
| 003 | OSt | ||
| 005 | 20230327105936.0 | ||
| 008 | 210423s2008 xx 000 0 und d | ||
| 040 | _cAL | ||
| 041 | _aeng | ||
| 082 |
_a543.0874 _223 _b RANS |
||
| 100 |
_aRANI (S). _978176 |
||
| 245 | _aElectroanalytical methods. | ||
| 260 |
_aChennai _bMJP Publishers _c2008 |
||
| 300 | _axii,173 | ||
| 365 |
_b150 _cINR |
||
| 906 | _aElectroanalytical ; methods. | ||
| 942 |
_2ddc _cBK |
||
| 999 |
_c154114 _d154114 |
||